Planirovanije dejstvij v biblioteke na slučaj avarijnoj situacii

Bibliographic Details
Main Authors: Scepastianu, Maria (Author), Whiffin, Jean I. (Author)
Other Authors: Veršininoj E. G (Translator)
Format: Book
Language:Russian
English
PhysicalDescription:14 s. 21 cm
Published: Sankt-Petrburg Rossijskaja nacional'naja biblioteka 1997
ISBN:5719610015
Subjects:

MARC

LEADER 00000nam a2200000 a 4500
001 vtls001382107
003 SK-MaSNL
005 20260301095640.0
008 251031s1997 ru r 00000 rus
020 |a 5719610015  |c [15,00] 
035 |a SNK000336145 
040 |a SNK  |b slo  |c SNK  |e AACR2 
041 1 |a rus  |h eng 
044 |a ru  |c RU 
080 |a 025.85  |2 1981 
100 1 |a Scepastianu, Maria  |4 aut  |9 431332 
240 1 0 |a Library disaster planning  |l Rusky 
245 1 0 |a Planirovanije dejstvij v biblioteke na slučaj avarijnoj situacii  |c podgotovleno ... Marijej Skepastianu s učastijem Džin I. Uiffin ; [perevod s anglijskogo E.G. Veršininoj] 
260 |a Sankt-Petrburg  |b Rossijskaja nacional'naja biblioteka  |c 1997 
300 |a 14 s.  |c 21 cm 
650 0 7 |a ochrana knižničných fondov  |2 SNKPH  |9 1316 
655 7 |a dokumenty  |2 SNKPH  |9 70482 
700 1 |a Whiffin, Jean I.  |4 aut  |9 431333 
700 1 |a Veršininoj E. G  |4 trl  |9 431334 
919 |a 5-7196-1001-5 
958 |a RU 
999 |c 683739  |d 685669 
952 |t P60, <04>, [BOOK], {604}  |a SNK  |b SNK  |y VYP  |7 0  |p 17A0228160  |o snkOIC 6702  |i snkV 318/2000  |0 0  |1 0  |4 0  |d 2000-02-23  |l 0  |r 2005-01-02 00:00:00  |w 2026-02-23